Quebra-cabeças sobre Ciência (Registo nº 6099)
[ vista simples ]
| 000 -Etiqueta do registo | |
|---|---|
| Valores | 00725cam a2200253 4500 |
| 010 ## - Número ISBN | |
| ISBN | 9725702743 |
| 021 ## - Número do Depósito Legal | |
| Número | 173531/01 |
| 100 ## - Dados gerais de processamento | |
| Dados gerais | 20020514e2001 me y0pory5003 ba |
| 200 1# - Titulo e menção de responsabilidade | |
| Título próprio | Quebra-cabeças sobre Ciência |
| Primeira menção de responsabilidade | Erwin Brecher, Mike Gerrard |
| Outras menções de responsabilidade | trad. Joana Rosa |
| 205 ## - Menção da edição | |
| Edição | 1ª ed., |
| 210 #9 - Publicação | |
| Local de publicação | Lisboa |
| Nome do editor | Replicação |
| Data de publicação | imp. 2001 |
| 215 ## - Descrição física | |
| Paginação / Volumes | 96 p. |
| Outras indicações físicas | il. |
| Dimensões | 21 cm |
| 225 2# - Colecção | |
| Título próprio da colecção | Quebra-cabeças |
| 304 ## - Nota relativa ao título | |
| Texto de nota | Tit. orig.: Challenging science puzzles |
| 675 ## - CDU | |
| Notação | 793.7(076) |
| Edição | PT |
| Língua | por |
| 675 ## - CDU | |
| Notação | 5/6(076) |
| Edição | PT |
| Língua | por |
| 700 #1 - Autor principal (pessoa individual) | |
| Apelido | Brecher, |
| Nome | Erwin |
| 701 #1 - Co-autor principal (pessoa individual) | |
| Apelido | Gerrard, |
| Nome | Mike |
| 702 #1 - Autor secundário (pessoa individual) | |
| Apelido | Rosa, |
| Nome | Joana, |
| Datas | 1987- |
| 801 #0 - Fonte de origem | |
| País | PT |
| Agência | BMVN |
| Regras de catalogação | RPC |
| 830 ## - Notas gerais do catalogador | |
| Criado por | Sílvia Neutel |
| Data de criação | 31.12.2021 |
| 990 ## - Elementos KOHA | |
| Tipo de documento | Livro |
| Situação do levantamento | Biblioteca de origem | Código de barras | Cota | Permissão de empréstimo | Tipo de documento | Forma de aquisição |
|---|---|---|---|---|---|---|
| Biblioteca Escola Secundária de Vendas Novas | 200000002137 | CE BRE/QUE | Livro |